| 000 | 01385nam0a2200361 4500 | ||
|---|---|---|---|
| 001 | RU\NLR\bibl\1707509 | ||
| 005 | 20260405220910.0 | ||
| 010 |
_a978-5-91794-019-9 _950 |
||
| 021 |
_aRU _b2010-85416 _95706 |
||
| 035 | _a(NLR Aleph) 001698552 | ||
| 090 |
_a1205622 _c1205622 |
||
| 100 | _a20101201d2010 |||y0rusy50 ca | ||
| 101 | 0 | _arus | |
| 102 | _aRU | ||
| 105 | _aa ||||||||| | ||
| 200 | 1 |
_aИстоки _fС. П. Васильева, С. Е. Тогуллаева |
|
| 210 |
_aЯкутск _cСфера _d2010 |
||
| 215 |
_a138 с. _cил. _d20 |
||
| 300 | _aНа 134-й с. 1-й авт.: Васильева (Модина) Светлана Павловна | ||
| 320 | _aБиблиогр.: с. 132 (17 назв.) | ||
| 606 | 1 |
_aГенеалогия _yСаха (Якутия), Республика _92099795 _3RU\NLR\auth\661270083 |
|
| 686 | _aТ214(2Р-6Я) | ||
| 700 | 1 |
_4070 _8rus _7ca _aВасильева _bС. П. _cпедагог, история _f1938- _gСветлана Павловна _3RU\NLR\AUTH\7799291 _982217 |
|
| 701 | 1 |
_aТогуллаева _bС. Е. _gСардана Егоровна _4070 |
|
| 801 | 0 |
_aRU _bNLR _c20101201 _gRCR |
|
| 801 | 1 |
_aRU _bNLR _c20101201 |
|
| 830 | _aавт. по кн. | ||
| 852 |
_aNLR _bОНЛ _jЧув./2-4982 |
||
| 942 | _cBOOK | ||
| 980 | _aNB | ||
| 980 | _aGENEAL02 | ||